Právo na spravedlivý proces v soutěžních věcech

Právo na spravodlivý proces v správnom konaní a správnom trestaní. Správne trestanie v súťažných veciach a požiadavky "spravodlivého procesu". Zachovanie totožnosti skutku ako požiadavka "spravodlivého procesu".

Salvato in:
Dettagli Bibliografici
Autore principale: Koukal, Pavel
Natura: Capitolo di libro
Lingua:ceco
Soggetti:
Tags: Aggiungi Tag
Nessun Tag, puoi essere il primo ad aggiungerne!!

MARC

LEADER 00000naa a2200000 4500
001 0162018
005 20231128124351.7
041 0 |a cze 
044 |a CZ 
245 1 0 |a Právo na spravedlivý proces v soutěžních věcech  |c Pavel Koukal 
520 |a Právo na spravodlivý proces v správnom konaní a správnom trestaní. Správne trestanie v súťažných veciach a požiadavky "spravodlivého procesu". Zachovanie totožnosti skutku ako požiadavka "spravodlivého procesu". 
610 2 0 |a právo 
610 2 0 |a súdy 
610 2 0 |a súťaž hospodárska 
610 2 0 |a spravodlivosť 
610 2 0 |a práva ľudské 
610 2 0 |a ochrana ľudských práv 
610 2 0 |a právo komunitárne 
610 2 0 |a Európska únia 
610 2 0 |a Česko 
100 1 |a Koukal, Pavel